Normal view
MARC view
- Salamo, Lin
Entry Personal Name
001 - CONTROL NUMBER
- control field: 93141
003 - CONTROL NUMBER IDENTIFIER
- control field: NUST
005 - DATE AND TIME OF LATEST TRANSACTION
- control field: 20220706093315.0
008 - FIXED-LENGTH DATA ELEMENTS
- fixed length control field: 220706|| aca||aabn | a|a d
040 ## - CATALOGING SOURCE
- Original cataloging agency: NUST
- Transcribing agency: NUST
100 ## - HEADING--PERSONAL NAME
- Personal name: Salamo, Lin
670 ## - SOURCE DATA FOUND
- Source citation: Work cat.: (NUST)0: Twain, Mark, 1835-1910. 8123, Adventures of Huckleberry Finn:, 2003.
